[Event "23rd EUR-ch"]
[Site "Vrnjacka Banja SRB"]
[Date "2023.03.05"]
[Round "3.76"]
[White "Djukic, Nikola"]
[Black "Aizenberg, Benny"]
[Result "1/2-1/2"]
[WhiteElo "2514"]
[BlackElo "2367"]
[EventDate "2023.03.03"]
[PlyCount "85"]

1.e4 c5 2.Nf3 Nc6 3.d4 cxd4 4.Nxd4 Nf6 5.Nc3 e5 6.Ndb5 d6 7.Bg5 a6 8.Na3 
b5 9.Nd5 Be7 10.Bxf6 Bxf6 11.c3 Rb8 12.Nc2 Bg5 13.a4 bxa4 14.Ncb4 Nxb4 15.
cxb4 Bd7 16.Bxa6 O-O 17.b3 Ra8 18.b5 Bxb5 19.Bxb5 Qa5+ 20.b4 Qxb5 21.Qe2 
Qb7 22.O-O f5 23.Rfd1 fxe4 24.Qxe4 Kh8 25.b5 a3 26.b6 a2 27.Qb4 Qc6 28.Qb3
Qa4 29.Qxa4 Rxa4 30.Nc3 Rb4 31.Rxa2 Rxb6 32.Ne4 Be7 33.Ra7 d5 34.Rxe7 dxe4
35.Rxe5 Rb2 36.Rf5 Kg8 37.Rxf8+ Kxf8 38.g3 Rb4 39.Rd7 Rb1+ 40.Kg2 Re1 41.
h4 h5 42.Ra7 g6 43.Rb7 1/2-1/2

[Event "23rd EUR-ch"]
[Site "Vrnjacka Banja SRB"]
[Date "2023.03.05"]
[Round "3.77"]
[White "Arsovic, Goran"]
[Black "Halkias, Stelios"]
[Result "1/2-1/2"]
[WhiteElo "2379"]
[BlackElo "2514"]
[EventDate "2023.03.03"]
[PlyCount "74"]

1.d4 Nf6 2.Nf3 g6 3.c4 Bg7 4.g3 c5 5.Bg2 cxd4 6.Nxd4 h5 7.h3 O-O 8.Nc3 Qc7
9.Qd3 Nc6 10.O-O d6 11.Nxc6 bxc6 12.e4 Ba6 13.Bf4 Rad8 14.b3 Qc8 15.Qe3 
Nd7 16.Rfd1 Qc7 17.Rac1 e5 18.Bg5 f6 19.Bh6 Nc5 20.b4 Ne6 21.b5 Bb7 22.
Bxg7 Kxg7 23.Qxa7 Ra8 24.Qe3 h4 25.bxc6 Bxc6 26.Nb5 Qe7 27.Qd2 Rfd8 28.
Nxd6 hxg3 29.c5 gxf2+ 30.Qxf2 Nf4 31.Rd2 Ra3 32.Qh4 Bd7 33.c6 Bxh3 34.c7 
Rxd6 35.Bxh3 Nxh3+ 36.Kh1 Rxd2 37.c8=Q Nf2+ 1/2-1/2

[Event "23rd EUR-ch"]
[Site "Vrnjacka Banja SRB"]
[Date "2023.03.05"]
[Round "3.78"]
[White "Uskov, Artem"]
[Black "Draskovic, Luka"]
[Result "1/2-1/2"]
[WhiteElo "2373"]
[BlackElo "2510"]
[EventDate "2023.03.03"]
[PlyCount "61"]

1.e4 d6 2.d4 Nf6 3.Nc3 e5 4.Nge2 Be7 5.h3 c6 6.Be3 O-O 7.g4 b5 8.a3 h6 9.
Bg2 Nbd7 10.O-O Re8 11.f4 Nf8 12.Qe1 exf4 13.Nxf4 Ne6 14.Nd3 d5 15.Qf2 Rf8
16.Ne5 Bb7 17.exd5 cxd5 18.Nxb5 Ne4 19.Bxe4 dxe4 20.c4 a6 21.Nc3 Bh4 22.
Qd2 Ng5 23.Qh2 Re8 24.d5 f6 25.Ng6 Nf3+ 26.Rxf3 exf3 27.Nxh4 Rxe3 28.Qf2 
Qe8 29.Nf5 Re5 30.Rd1 Rd8 31.Nd4 1/2-1/2

[Event "23rd EUR-ch"]
[Site "Vrnjacka Banja SRB"]
[Date "2023.03.05"]
[Round "3.79"]
[White "Beerdsen, Thomas"]
[Black "Costa, Leonardo"]
[Result "1-0"]
[WhiteElo "2510"]
[BlackElo "2364"]
[EventDate "2023.03.03"]
[PlyCount "115"]

1.e4 e5 2.Nf3 Nc6 3.Bc4 Bc5 4.c3 Nf6 5.d3 d6 6.O-O a6 7.a4 Ba7 8.Nbd2 O-O 
9.h3 h6 10.Re1 Be6 11.Bxe6 fxe6 12.b4 Nh5 13.Nf1 Qf6 14.Ra2 Ne7 15.b5 Ng6 
16.d4 Nhf4 17.N1h2 exd4 18.cxd4 e5 19.bxa6 bxa6 20.Rc2 exd4 21.Rxc7 d3 22.
Ng4 Qe6 23.Kh2 Rf7 24.Rxf7 Qxf7 25.g3 Ne6 26.Bxh6 Rf8 27.Be3 Qxf3 28.Qxf3 
Rxf3 29.Bxa7 Ng5 30.Be3 Nxe4 31.Rd1 d2 32.Kg2 Rf5 33.f3 Nc3 34.Rxd2 Rd5 
35.Rxd5 Nxd5 36.a5 Kf7 37.Bd2 Ke6 38.f4 Nge7 39.Kf3 Nc6 40.Ne3 Nde7 41.Bc3
g6 42.g4 d5 43.Nc2 Ng8 44.Ke3 Nge7 45.h4 Ng8 46.f5+ gxf5 47.g5 Nge7 48.h5 
Ne5 49.Nd4+ Kf7 50.Nf3 Nc4+ 51.Kf4 d4 52.Be1 d3 53.Ne5+ Nxe5 54.Kxe5 Kg7 
55.Ke6 Kf8 56.Bd2 Nc6 57.Kxf5 Nd4+ 58.Ke4 1-0

[Event "23rd EUR-ch"]
[Site "Vrnjacka Banja SRB"]
[Date "2023.03.05"]
[Round "3.80"]
[White "Suarez Uriel, Adrian"]
[Black "Gadimbayli, Abdulla"]
[Result "1/2-1/2"]
[WhiteElo "2370"]
[BlackElo "2507"]
[EventDate "2023.03.03"]
[PlyCount "30"]

1.e4 e6 2.d4 d5 3.e5 c5 4.c3 Nc6 5.Nf3 Bd7 6.Be2 f6 7.O-O fxe5 8.Nxe5 Nxe5
9.dxe5 Qc7 10.c4 Qxe5 11.Re1 O-O-O 12.Bf3 Qf5 13.cxd5 exd5 14.Qxd5 Qxd5 
15.Bxd5 Nf6 1/2-1/2

[Event "23rd EUR-ch"]
[Site "Vrnjacka Banja SRB"]
[Date "2023.03.05"]
[Round "3.81"]
[White "Schekachikhin, Maksim"]
[Black "Valsecchi, Alessio"]
[Result "1/2-1/2"]
[WhiteElo "2367"]
[BlackElo "2505"]
[EventDate "2023.03.03"]
[PlyCount "174"]

1.d4 Nf6 2.c4 c5 3.d5 e6 4.Nc3 exd5 5.cxd5 d6 6.Nf3 g6 7.h3 a6 8.a4 Qe7 9.
Nd2 Nbd7 10.Nc4 Ne5 11.Nb6 Bf5 12.e3 Rb8 13.Be2 Bg7 14.O-O O-O 15.a5 g5 
16.Ra4 Nfd7 17.e4 Nxb6 18.axb6 Bd7 19.Ra3 Ng6 20.Bg4 h6 21.Bxd7 Qxd7 22.
Ne2 f5 23.exf5 Rxf5 24.Ng3 Rf7 25.Qg4 Ne5 26.Qe2 Rbf8 27.Nh5 Qb5 28.Qxb5 
axb5 29.Nxg7 Kxg7 30.b4 cxb4 31.Rb3 Kg6 32.Be3 Nc4 33.Rfb1 Rf5 34.Rd3 Nxe3
35.fxe3 Rf2 36.Rxb4 Re2 37.Rxb5 h5 38.g4 h4 39.e4 Rf4 40.e5 Re1+ 41.Kg2 
Re2+ 42.Kg1 Rxe5 43.Rb2 Re1+ 44.Kg2 Rff1 45.Rc2 Rg1+ 46.Kf2 Ref1+ 47.Ke2 
Rb1 48.Kf2 Rgf1+ 49.Kg2 Rfe1 50.Kf2 Re5 51.Rc8 Rb2+ 52.Kf1 Rxb6 53.Rd8 Re4
54.Rg8+ Kf6 55.Rf3+ Rf4 56.Rxf4+ gxf4 57.g5+ Kf5 58.g6 Rb1+ 59.Kf2 Rb2+ 
60.Kf1 b5 61.g7 Kg6 62.Rf8 Kxg7 63.Rxf4 Rd2 64.Rxh4 Kg6 65.Rb4 Rxd5 66.Ke2
Kf6 67.Ke3 Ke6 68.h4 Re5+ 69.Kd3 Rh5 70.Kc3 Kd7 71.Rg4 Kc6 72.Kb4 Rf5 73.
Kb3 Rf3+ 74.Kb4 Rh3 75.Rd4 Rh1 76.Rg4 Rb1+ 77.Kc3 Kc5 78.Rg8 Rc1+ 79.Kb3 
Rh1 80.Rc8+ Kd4 81.Rh8 d5 82.h5 Rc1 83.h6 Rc6 84.Kb4 Rc1 85.Kxb5 Rb1+ 86.
Kc6 Rh1 87.Kd6 Rh5 1/2-1/2

[Event "23rd EUR-ch"]
[Site "Vrnjacka Banja SRB"]
[Date "2023.03.05"]
[Round "3.82"]
[White "Wieczorek, Oskar"]
[Black "Baglan, Esat"]
[Result "1/2-1/2"]
[WhiteElo "2505"]
[BlackElo "2363"]
[EventDate "2023.03.03"]
[PlyCount "57"]

1.d4 Nf6 2.c4 e6 3.Nc3 Bb4 4.e3 O-O 5.Bd2 b6 6.Nf3 Bb7 7.Rc1 d6 8.a3 Bxc3 
9.Bxc3 Ne4 10.Be2 Nd7 11.O-O Nxc3 12.Rxc3 Qe7 13.b4 c5 14.Qa4 Nf6 15.Rd1 
Rfc8 16.Rcc1 Rc7 17.Qb3 Rac8 18.dxc5 dxc5 19.b5 Bxf3 20.Bxf3 Rd7 21.h3 
Rcd8 22.Bc6 Rd6 23.Qa4 Kf8 24.Rxd6 Rxd6 25.Rd1 Ne8 26.Bxe8 Rxd1+ 27.Qxd1 
Kxe8 28.Qd3 f5 29.f4 1/2-1/2

[Event "23rd EUR-ch"]
[Site "Vrnjacka Banja SRB"]
[Date "2023.03.05"]
[Round "3.83"]
[White "Hnydiuk, Aleksander"]
[Black "Druska, Juraj"]
[Result "1/2-1/2"]
[WhiteElo "2364"]
[BlackElo "2505"]
[EventDate "2023.03.03"]
[PlyCount "132"]

1.Nf3 d5 2.d4 Nf6 3.c4 e6 4.g3 Bb4+ 5.Bd2 Be7 6.Bg2 O-O 7.O-O c6 8.Qc2 
Nbd7 9.Rd1 a5 10.Bf4 h6 11.b3 b6 12.Ne5 Nxe5 13.dxe5 Nd7 14.cxd5 cxd5 15.
e4 d4 16.Rxd4 Bc5 17.Rd1 Qe7 18.Nc3 Ba6 19.Na4 Rac8 20.Nxc5 Nxc5 21.Rd6 
Qb7 22.Qd2 Bb5 23.Re1 Rc6 24.Rd1 Rfc8 25.Qe3 Kh7 26.h4 Qa8 27.h5 Qa6 28.
Bf3 R6c7 29.Kg2 Bc6 30.g4 Qa8 31.R6d4 Na6 32.Rc4 Nc5 33.Rd6 Nb7 34.Rd2 Nc5
35.g5 Rg8 36.Rd6 Qe8 37.Rc1 hxg5 38.Bxg5 f6 39.Bf4 fxe5 40.Bxe5 Rf7 41.Qg5
Rf6 42.Qg4 Rh6 43.Bg3 g6 44.e5 Bxf3+ 45.Qxf3 Rf8 46.Qc6 Qxc6+ 47.Rxc6 Rxh5
48.Rxb6 Nd3 49.Rd1 Nf4+ 50.Bxf4 Rxf4 51.Rxe6 Rhf5 52.Rd2 Re4 53.Re7+ Kh6 
54.e6 Re1 55.Rd3 Re2 56.Rf3 Rfe5 57.Rh3+ Kg5 58.Kg3 Kf6 59.Rhh7 Rg5+ 60.
Kf3 Rxa2 61.Rhf7+ Ke5 62.Re8 Rf5+ 63.Rxf5+ Kxf5 64.e7 Kf6 65.Rg8 Kxe7 66.
Rxg6 Ra3 1/2-1/2

[Event "23rd EUR-ch"]
[Site "Vrnjacka Banja SRB"]
[Date "2023.03.05"]
[Round "3.84"]
[White "Gines Esteo, Pedro Antonio"]
[Black "Palczert, Matyas"]
[Result "1-0"]
[WhiteElo "2500"]
[BlackElo "2304"]
[EventDate "2023.03.03"]
[PlyCount "51"]

1.c4 Nf6 2.Nc3 e6 3.e4 d5 4.e5 d4 5.exf6 dxc3 6.bxc3 Qxf6 7.Nf3 b6 8.d4 
Bb7 9.Bd3 h6 10.O-O Bd6 11.Re1 O-O 12.Ne5 Rd8 13.Qh5 Nd7 14.Ng4 Qe7 15.
Bxh6 gxh6 16.Nxh6+ Kf8 17.Ng4 Qe8 18.Qh6+ Ke7 19.Qg5+ f6 20.Rxe6+ Kxe6 21.
Bf5+ Ke7 22.Re1+ Be5 23.Rxe5+ Kd6 24.Rxe8 Rxe8 25.Qf4+ Ke7 26.Bxd7 1-0

[Event "23rd EUR-ch"]
[Site "Vrnjacka Banja SRB"]
[Date "2023.03.05"]
[Round "3.85"]
[White "Gorodetzky, Matan"]
[Black "Fernandez, Daniel Howard"]
[Result "0-1"]
[WhiteElo "2319"]
[BlackElo "2498"]
[EventDate "2023.03.03"]
[PlyCount "126"]

1.e4 e6 2.d4 d5 3.Nd2 Ne7 4.Ngf3 g6 5.Bd3 Bg7 6.c3 c5 7.dxc5 O-O 8.Nb3 a5 
9.Bf4 a4 10.Nbd4 b6 11.cxb6 Qxb6 12.O-O Ba6 13.Bxa6 Nxa6 14.Bg5 dxe4 15.
Bxe7 Rfe8 16.Ba3 exf3 17.Nxf3 Nc7 18.c4 e5 19.Qc2 e4 20.Nd2 Qc6 21.Rae1 f5
22.c5 Ne6 23.Nc4 Nxc5 24.Ne3 Rec8 25.Rc1 Qe6 26.Bxc5 Bf8 27.b4 axb3 28.
Qxb3 Qxb3 29.axb3 Bxc5 30.Nd5 Kf7 31.b4 Bd4 32.Rcd1 Rc4 33.Rd2 Ra1 34.Rxa1
Bxa1 35.g3 Be5 36.Ne3 Rxb4 37.Rd7+ Kg8 38.Kg2 Rd4 39.Ra7 h5 40.Ra5 Bc7 41.
Ra8+ Bd8 42.Nc4 Rxc4 43.Rxd8+ Kf7 44.h4 Rc2 45.Kf1 Rc3 46.Rd7+ Ke6 47.Rg7 
Kf6 48.Ra7 f4 49.Ra6+ Kf5 50.Ra5+ Kg4 51.Kg2 fxg3 52.Rg5+ Kxh4 53.Rxg6 
gxf2 54.Kxf2 Rf3+ 55.Ke2 Kh3 56.Re6 Rf4 57.Ke3 Kg3 58.Rg6+ Rg4 59.Ra6 h4 
60.Ra1 h3 61.Rg1+ Kh4 62.Rh1 Rg2 63.Kxe4 h2 0-1

[Event "23rd EUR-ch"]
[Site "Vrnjacka Banja SRB"]
[Date "2023.03.05"]
[Round "3.86"]
[White "Danielian, Vahe"]
[Black "Subelj, Jan"]
[Result "0-1"]
[WhiteElo "2307"]
[BlackElo "2496"]
[EventDate "2023.03.03"]
[PlyCount "82"]

1.e4 c5 2.Nf3 Nc6 3.Bb5 e6 4.O-O Nge7 5.d4 cxd4 6.Nxd4 Qb6 7.Nxc6 bxc6 8.
Be2 Ng6 9.c4 Be7 10.Nc3 O-O 11.Rb1 d6 12.Be3 Qc7 13.b4 a5 14.b5 cxb5 15.
Nxb5 Qc6 16.Qb3 a4 17.Qb2 Ba6 18.Rfd1 Ne5 19.Qd4 Bf6 20.Qb6 Qxe4 21.Nxd6 
Qc2 22.Rd2 Qg6 23.f3 Nd7 24.Qb4 Bc3 25.Qxc3 Qxb1+ 26.Kf2 Qg6 27.g4 f5 28.
gxf5 exf5 29.Bf4 Qf6 30.Qa5 Kh8 31.Qc7 Qh4+ 32.Kg2 Rad8 33.Rd4 Qf6 34.Rd5 
Kg8 35.Nxf5 Qb2 36.Ng3 Qb7 37.Ne4 Qc8 38.Bd3 Bb7 39.Rh5 Bxe4 40.Bxe4 Nf6 
41.Bd5+ Rxd5 0-1

[Event "23rd EUR-ch"]
[Site "Vrnjacka Banja SRB"]
[Date "2023.03.05"]
[Round "3.87"]
[White "Kukhmazov, Arsen"]
[Black "Shohat, Yotam"]
[Result "1-0"]
[WhiteElo "2495"]
[BlackElo "2302"]
[EventDate "2023.03.03"]
[PlyCount "59"]

1.d4 Nf6 2.c4 e6 3.Nf3 c5 4.d5 exd5 5.cxd5 d6 6.Nc3 g6 7.Nd2 Bg7 8.e4 O-O 
9.Be2 Re8 10.O-O Nbd7 11.a4 Ne5 12.Ndb1 h6 13.f4 Ned7 14.Bf3 c4 15.Na3 Nc5
16.e5 dxe5 17.fxe5 Rxe5 18.Nxc4 Re8 19.Bf4 Nfe4 20.Nb5 g5 21.Bc7 Qd7 22.
Bh5 Rf8 23.Ne5 Bxe5 24.Bxe5 f6 25.Bd4 a6 26.Nc3 Qd6 27.b4 Nxc3 28.bxc5 
Qxd5 29.Bxc3 Qxc5+ 30.Qd4 1-0

[Event "23rd EUR-ch"]
[Site "Vrnjacka Banja SRB"]
[Date "2023.03.05"]
[Round "3.88"]
[White "Shvedova, Alexandra"]
[Black "Blohberger, Felix"]
[Result "0-1"]
[WhiteElo "2083"]
[BlackElo "2493"]
[EventDate "2023.03.03"]
[PlyCount "92"]

1.e4 c5 2.Nf3 d6 3.d4 cxd4 4.Nxd4 Nf6 5.f3 e5 6.Nb3 Be7 7.c4 a5 8.Be3 Nc6 
9.Nc3 a4 10.Nd2 Qa5 11.Be2 O-O 12.O-O h6 13.Ndb1 Be6 14.Na3 Nh5 15.Nab5 
Nf4 16.Rc1 Bg5 17.Bf2 Nxe2+ 18.Qxe2 Bxc1 19.Rxc1 Rfd8 20.Nd5 Bxd5 21.exd5 
Nd4 22.Nxd4 exd4 23.Bxd4 Rac8 24.h3 Re8 25.Qf2 Qd8 26.h4 b5 27.b3 f6 28.
Kh2 Kh8 29.Rc2 Qd7 30.g4 Qe7 31.Qg3 bxc4 32.bxc4 Rxc4 33.Rxc4 Qe2+ 34.Bf2 
Qxc4 35.Qxd6 Qxa2 36.Kg3 a3 37.Bc5 Qa1 38.Bxa3 Qe1+ 39.Kf4 Qxh4 40.Qd7 
Qh2+ 41.Kf5 Qc2+ 42.Kf4 Qd2+ 43.Kg3 Qe1+ 44.Kh3 g5 45.Qb5 Re2 46.Qb8+ Kh7 
0-1

[Event "23rd EUR-ch"]
[Site "Vrnjacka Banja SRB"]
[Date "2023.03.05"]
[Round "3.90"]
[White "Motylev, Alexander"]
[Black "Burcu, Cagatay"]
[Result "1/2-1/2"]
[WhiteElo "2621"]
[BlackElo "2331"]
[EventDate "2023.03.03"]
[PlyCount "50"]

1.e4 e6 2.d4 d5 3.e5 c5 4.c3 Nc6 5.Nf3 Bd7 6.Be2 f6 7.O-O fxe5 8.Nxe5 Nxe5
9.dxe5 Qc7 10.c4 O-O-O 11.cxd5 Qxe5 12.Nc3 Nf6 13.dxe6 Bc6 14.Qb3 c4 15.
Qxc4 Rd4 16.f4 Qf5 17.Qxd4 Bc5 18.Be3 Bxd4 19.Bxd4 Qxe6 20.Rae1 Rd8 21.
Bxa7 Rd2 22.Bf3 Bxf3 23.Rxe6 Rxg2+ 24.Kh1 Rf2+ 25.Kg1 Rg2+ 1/2-1/2

[Event "23rd EUR-ch"]
[Site "Vrnjacka Banja SRB"]
[Date "2023.03.05"]
[Round "3.91"]
[White "Socko, Bartosz"]
[Black "Yurtseven, Melih"]
[Result "1/2-1/2"]
[WhiteElo "2618"]
[BlackElo "2327"]
[EventDate "2023.03.03"]
[PlyCount "67"]

1.d4 Nf6 2.c4 e6 3.Nf3 d5 4.g3 Bb4+ 5.Bd2 Be7 6.Bg2 O-O 7.Qb3 c5 8.O-O 
cxd4 9.Nxd4 e5 10.Nf3 dxc4 11.Qxc4 Nc6 12.Rd1 e4 13.Ne1 Be6 14.Qc1 Nd4 15.
Nc3 Rc8 16.Bf1 Qa5 17.Nc2 Nxc2 18.Qxc2 Qh5 19.Bg2 Qxe2 20.Qb1 Qh5 21.Nxe4 
Bf5 22.Bc3 Rfe8 23.Nxf6+ Bxf6 24.Rd5 Bxb1 25.Rxh5 Bxc3 26.Rxb1 Bf6 27.Bxb7
Rc2 28.Rf5 Rxb2 29.Rxb2 Bxb2 30.Bd5 Re7 31.Rf4 g6 32.Rb4 Bc3 33.Rb7 Rxb7 
34.Bxb7 1/2-1/2

[Event "23rd EUR-ch"]
[Site "Vrnjacka Banja SRB"]
[Date "2023.03.05"]
[Round "3.92"]
[White "Ciorgovean, Iustin"]
[Black "Van Foreest, Lucas"]
[Result "1/2-1/2"]
[WhiteElo "2325"]
[BlackElo "2570"]
[EventDate "2023.03.03"]
[PlyCount "65"]

1.d4 Nf6 2.c4 c6 3.Nf3 d5 4.e3 Bg4 5.h3 Bh5 6.g4 Bg6 7.Ne5 Nbd7 8.Nxg6 
hxg6 9.cxd5 cxd5 10.Nc3 e6 11.g5 Ne4 12.Nxe4 dxe4 13.h4 Bb4+ 14.Bd2 Qa5 
15.Bxb4 Qxb4+ 16.Qd2 Qxd2+ 17.Kxd2 f5 18.gxf6 gxf6 19.Bg2 f5 20.f3 exf3 
21.Bxf3 O-O-O 22.Rag1 Rh6 23.Ke2 Rdh8 24.Rg5 e5 25.dxe5 Nxe5 26.h5 Nxf3 
27.Kxf3 gxh5 28.Rh4 Rc6 29.Rhxh5 Rxh5 30.Rxh5 Rc2 31.Rxf5 Rxb2 32.Ra5 a6 
33.Ke4 1/2-1/2

[Event "23rd EUR-ch"]
[Site "Vrnjacka Banja SRB"]
[Date "2023.03.05"]
[Round "3.93"]
[White "Filip, Andrei"]
[Black "Mchedlishvili, Mikheil"]
[Result "1/2-1/2"]
[WhiteElo "2325"]
[BlackElo "2569"]
[EventDate "2023.03.03"]
[PlyCount "90"]

1.e4 c5 2.Nf3 d6 3.d4 cxd4 4.Nxd4 Nf6 5.Nc3 a6 6.Bg5 e6 7.f4 h6 8.Bh4 Nbd7
9.Qf3 e5 10.Nb3 Be7 11.f5 b5 12.O-O-O Qc7 13.Kb1 Bb7 14.a3 Rc8 15.Rd2 Nxe4
16.Nxe4 d5 17.f6 dxe4 18.fxg7 Rg8 19.Qh5 e3 20.Re2 Be4 21.Na1 Qb6 22.Bxe7 
Kxe7 23.Qh4+ Nf6 24.Qxh6 Rcd8 25.Re1 Rd2 26.Bd3 Rxd3 27.cxd3 Bxd3+ 28.Ka2 
e2 29.Rc1 Qe6+ 30.b3 Nd5 31.Qh3 f6 32.Rc5 Kf7 33.Qh5+ Kxg7 34.Qf3 e4 35.
Qh5 Rd8 36.Nc2 Qd6 37.Nd4 e3 38.Rc6 Nc3+ 39.Rxc3 Qxd4 40.Rhc1 Rd7 41.Qh3 
e1=Q 42.Rxe1 Qxc3 43.Qxd7+ Kf8 44.Qd8+ Kf7 45.Qd7+ Kf8 1/2-1/2

[Event "23rd EUR-ch"]
[Site "Vrnjacka Banja SRB"]
[Date "2023.03.05"]
[Round "3.94"]
[White "Bosiocic, Marin"]
[Black "Gaal, Zsoka"]
[Result "1/2-1/2"]
[WhiteElo "2555"]
[BlackElo "2320"]
[EventDate "2023.03.03"]
[PlyCount "71"]

1.Nf3 d5 2.g3 Bg4 3.Bg2 c6 4.O-O e6 5.d3 Nf6 6.h3 Bh5 7.c4 dxc4 8.dxc4 
Qxd1 9.Rxd1 Bxf3 10.Bxf3 Nbd7 11.Bg2 Be7 12.Nc3 O-O 13.Ne4 Rfd8 14.Be3 
Nxe4 15.Bxe4 Nc5 16.Bc2 a5 17.g4 e5 18.Rxd8+ Rxd8 19.Rd1 Rxd1+ 20.Bxd1 Ne6
21.Kf1 Bg5 22.Ba7 Bd8 23.f3 g6 24.Bf2 Be7 25.e3 f6 26.Ke2 Kg7 27.Bc2 Bc5 
28.a3 Bd6 29.Be1 Bc7 30.Bc3 Kf8 31.h4 Ke7 32.b4 axb4 33.axb4 Bd6 34.Bd3 
Kd8 35.h5 gxh5 36.gxh5 1/2-1/2

[Event "23rd EUR-ch"]
[Site "Vrnjacka Banja SRB"]
[Date "2023.03.05"]
[Round "3.95"]
[White "Jocev, Milan"]
[Black "Sebenik, Matej"]
[Result "1/2-1/2"]
[WhiteElo "2315"]
[BlackElo "2536"]
[EventDate "2023.03.03"]
[PlyCount "84"]

1.d4 d5 2.c4 e6 3.cxd5 exd5 4.Nc3 c6 5.Nf3 Nf6 6.Bg5 Be7 7.e3 Bf5 8.Bd3 
Bxd3 9.Qxd3 Nbd7 10.O-O O-O 11.Bh4 Re8 12.Rfe1 a5 13.b3 Qb8 14.Bg3 Bd6 15.
Qf5 g6 16.Qg5 Re6 17.Qh4 Bxg3 18.hxg3 Qf8 19.g4 h6 20.g5 Ne4 21.Ne2 hxg5 
22.Nxg5 Nxg5 23.Qxg5 Qe7 24.Qxe7 Rxe7 25.Nc3 Nb6 26.Na4 Nxa4 27.bxa4 c5 
28.dxc5 Rc8 29.Rec1 Rec7 30.Rab1 Rxc5 31.Rxc5 Rxc5 32.Rxb7 Rc4 33.Rb5 Rxa4
34.Rxd5 Rxa2 35.e4 a4 36.Rd8+ Kg7 37.e5 g5 38.Ra8 Kg6 39.g4 a3 40.Kg2 Ra1 
41.Kf3 a2 42.Kg2 Re1 1/2-1/2

[Event "23rd EUR-ch"]
[Site "Vrnjacka Banja SRB"]
[Date "2023.03.05"]
[Round "3.96"]
[White "Petrov, Martin"]
[Black "Piliposian, Robert"]
[Result "1/2-1/2"]
[WhiteElo "2505"]
[BlackElo "2314"]
[EventDate "2023.03.03"]
[PlyCount "51"]

1.c4 Nf6 2.Nf3 e6 3.Nc3 d5 4.d4 Be7 5.Bg5 Nbd7 6.e3 h6 7.Bh4 O-O 8.Rc1 c6 
9.Bd3 dxc4 10.Bxc4 b5 11.Be2 a6 12.O-O c5 13.dxc5 Nxc5 14.b4 Ncd7 15.Qb3 
Bb7 16.Rfd1 Nd5 17.Bxe7 Qxe7 18.a4 N7b6 19.axb5 Nxb4 20.bxa6 Bxa6 21.Bxa6 
Rxa6 22.Nb5 Rc8 23.Rxc8+ Nxc8 24.h3 Na7 25.Nxa7 Rxa7 26.Ne5 1/2-1/2

[Event "23rd EUR-ch"]
[Site "Vrnjacka Banja SRB"]
[Date "2023.03.05"]
[Round "3.97"]
[White "Parkhov, Yair"]
[Black "Gombocz, Ferenc jr"]
[Result "1-0"]
[WhiteElo "2485"]
[BlackElo "2311"]
[EventDate "2023.03.03"]
[PlyCount "55"]

1.d4 d5 2.c4 c6 3.Nf3 Nf6 4.e3 Bf5 5.Nc3 a6 6.Bd2 e6 7.Qb3 Ra7 8.Nh4 Be4 
9.cxd5 Bxd5 10.Qc2 Nfd7 11.Nf3 Bxf3 12.gxf3 c5 13.d5 e5 14.f4 b5 15.O-O-O 
c4 16.Ne4 f6 17.Rg1 a5 18.Be2 Qb6 19.fxe5 fxe5 20.Ng5 g6 21.d6 Qxd6 22.Bc3
Qb6 23.Qe4 Bg7 24.Rd5 O-O 25.Rxb5 Qf6 26.f4 Kh8 27.Bxc4 Qe7 28.Nxh7 1-0

[Event "23rd EUR-ch"]
[Site "Vrnjacka Banja SRB"]
[Date "2023.03.05"]
[Round "3.98"]
[White "Bodiroga, Predrag"]
[Black "Babazada, Khazar"]
[Result "0-1"]
[WhiteElo "2314"]
[BlackElo "2481"]
[EventDate "2023.03.03"]
[PlyCount "130"]

1.d4 d5 2.c4 e6 3.Nf3 a6 4.cxd5 exd5 5.Nc3 c6 6.Bf4 Bd6 7.Bxd6 Qxd6 8.Qc2 
Nf6 9.h3 O-O 10.e3 Nbd7 11.Bd3 b5 12.O-O Bb7 13.Rfe1 c5 14.dxc5 Nxc5 15.
Nd4 g6 16.Rac1 Rac8 17.Qd1 Nfd7 18.Bb1 Ne5 19.b3 Ne4 20.Nce2 b4 21.Rxc8 
Rxc8 22.f4 Nd7 23.Bxe4 dxe4 24.Qd2 a5 25.f5 Ne5 26.Rc1 Rd8 27.Rf1 g5 28.
Qe1 Nd3 29.Qa1 Rc8 30.f6 Rc5 31.Rf5 Bc8 32.Rxc5 Qxc5 33.Qf1 h6 34.Kh1 Kh7 
35.g4 Qd6 36.Qg2 Kg8 37.Ng3 Qxf6 38.Kg1 Qe5 39.Nh5 Bb7 40.Qf1 Kf8 41.Kg2 
Ke8 42.Nf6+ Kd8 43.Ng8 Qg7 44.Nf6 Nf4+ 45.exf4 Qxf6 46.Nf5 Qb2+ 47.Kg1 Qd2
48.Qb5 Qc1+ 49.Kg2 Qc7 50.fxg5 e3+ 51.Kg1 Qc1+ 52.Qf1 Qd2 53.Ng3 hxg5 54.
Qf6+ Kc7 55.Qxf7+ Kb6 56.Qf6+ Ka7 57.Ne2 Qxe2 58.Qd4+ Ka6 59.Qf6+ Kb5 60.
Qxg5+ Kc6 61.Qf6+ Kc5 62.Qe7+ Kd4 63.Qxb7 Qf2+ 64.Kh1 Qf1+ 65.Kh2 e2 0-1

[Event "23rd EUR-ch"]
[Site "Vrnjacka Banja SRB"]
[Date "2023.03.05"]
[Round "3.99"]
[White "Velten, Paul"]
[Black "Eren, Ataberk"]
[Result "0-1"]
[WhiteElo "2478"]
[BlackElo "2308"]
[EventDate "2023.03.03"]
[PlyCount "112"]

1.d4 d5 2.c4 c6 3.Nf3 Nf6 4.Nc3 dxc4 5.a4 Bf5 6.Ne5 Nbd7 7.Nxc4 Nb6 8.Ne3 
Bg6 9.a5 Nbd5 10.Nexd5 Nxd5 11.a6 b5 12.g3 Nb4 13.Bg2 Rc8 14.O-O Nc2 15.d5
Nxa1 16.dxc6 Qxd1 17.Rxd1 e5 18.Be3 Nc2 19.Bxa7 e4 20.c7 Nb4 21.Bb6 Be7 
22.a7 O-O 23.Nxb5 f5 24.f3 Be8 25.Nd6 Bxd6 26.Rxd6 Nc6 27.fxe4 Nxa7 28.Rd8
Bc6 29.e3 Nb5 30.Bf1 Nxc7 31.Bc4+ Kh8 32.Rxf8+ Rxf8 33.Bxc7 Rc8 34.Be5 
Bxe4 35.Bb3 Rc5 36.Bc3 h6 37.h3 Kh7 38.Kf2 g5 39.h4 Kg6 40.Bd1 Bd5 41.hxg5
hxg5 42.g4 Be4 43.Kg3 Rd5 44.Be2 Rd7 45.gxf5+ Bxf5 46.Bd4 Rh7 47.Bf1 Be4 
48.Bb5 Rh1 49.Be8+ Kh6 50.Bd7 Rg1+ 51.Kh2 Rg2+ 52.Kh3 Bf3 53.Be5 Rg1 54.
Bf5 Kh5 55.Bh2 g4+ 56.Bxg4+ Bxg4# 0-1

[Event "23rd EUR-ch"]
[Site "Vrnjacka Banja SRB"]
[Date "2023.03.05"]
[Round "3.100"]
[White "Van Dael, Siem"]
[Black "Clarke, Brandon"]
[Result "0-1"]
[WhiteElo "2312"]
[BlackElo "2475"]
[EventDate "2023.03.03"]
[PlyCount "98"]

1.e4 c5 2.Nf3 d6 3.d4 cxd4 4.Nxd4 Nf6 5.Nc3 a6 6.Be3 e5 7.Nb3 Be6 8.f3 Be7
9.Qd2 O-O 10.O-O-O Qc7 11.g4 Rc8 12.Kb1 d5 13.g5 d4 14.gxf6 dxe3 15.Qxe3 
Bxf6 16.Bd3 Nd7 17.Nd5 Qd8 18.f4 exf4 19.Nxf4 Qe7 20.Nd4 Bxd4 21.Qxd4 Ne5 
22.Nd5 Bxd5 23.exd5 Qd6 24.Rhe1 Re8 25.Re2 Re7 26.Rde1 Rae8 27.c4 b6 28.
Bc2 g6 29.Ba4 Nf3 30.Qf2 Nxe1 31.Bxe8 Nd3 32.Qf1 Ne5 33.Ba4 Nxc4 34.Bb3 
Qb4 35.d6 Rxe2 36.Qxe2 Nxd6 37.Qxa6 Qe1+ 38.Kc2 Qf2+ 39.Kc1 Qc5+ 40.Kd2 
Qd4+ 41.Kc2 Qf2+ 42.Kc3 Ne4+ 43.Kb4 Qc5+ 44.Ka4 Qd4+ 45.Kb5 Qc5+ 46.Ka4 
Qc6+ 47.Kb4 Nd6 48.Ka3 Qc5+ 49.Ka4 Kg7 0-1

[Event "23rd EUR-ch"]
[Site "Vrnjacka Banja SRB"]
[Date "2023.03.05"]
[Round "3.101"]
[White "Spasic, Petar"]
[Black "Ioannidis, Evgenios"]
[Result "1/2-1/2"]
[WhiteElo "2298"]
[BlackElo "2473"]
[EventDate "2023.03.03"]
[PlyCount "44"]

1.c4 Nf6 2.Nf3 e6 3.g3 d5 4.d4 Be7 5.Bg2 O-O 6.O-O dxc4 7.Qc2 a6 8.a4 Bd7 
9.Ne5 Nc6 10.Qxc4 Nxe5 11.dxe5 Nd5 12.Bxd5 exd5 13.Qxd5 Qc8 14.Nc3 Bc6 15.
Qc4 Qf5 16.f4 Qe6 17.Qxe6 Bc5+ 18.e3 fxe6 19.Kf2 Rfd8 20.Ke2 b5 21.Bd2 
bxa4 22.Rfc1 Bb7 1/2-1/2

[Event "23rd EUR-ch"]
[Site "Vrnjacka Banja SRB"]
[Date "2023.03.05"]
[Round "3.102"]
[White "Alexakis, Dimitris"]
[Black "Averin, Nikolai"]
[Result "0-1"]
[WhiteElo "2472"]
[BlackElo "2296"]
[EventDate "2023.03.03"]
[PlyCount "64"]

1.e4 c5 2.Nf3 d6 3.d4 cxd4 4.Qxd4 Nc6 5.Qe3 Nf6 6.c4 g6 7.Be2 Bg7 8.O-O 
O-O 9.Nc3 Qb6 10.Rb1 Bg4 11.Rd1 Rfc8 12.b3 Nd7 13.Nd5 Qxe3 14.Bxe3 Kf8 15.
h3 Bxf3 16.gxf3 e6 17.Nf4 Ke7 18.Rd2 Bc3 19.Rc2 Be5 20.Rd1 Nc5 21.Ng2 Bg7 
22.Rcd2 Rd8 23.Bg5+ f6 24.Be3 b6 25.Nf4 Re8 26.Bf1 Rad8 27.Bg2 Kf7 28.Ne2 
f5 29.Ng3 Bc3 30.Rc2 Bf6 31.exf5 gxf5 32.f4 Ne4 0-1

[Event "23rd EUR-ch"]
[Site "Vrnjacka Banja SRB"]
[Date "2023.03.05"]
[Round "3.103"]
[White "Remolar Gallen, Jose"]
[Black "Janzelj, Tim"]
[Result "0-1"]
[WhiteElo "2290"]
[BlackElo "2472"]
[EventDate "2023.03.03"]
[PlyCount "140"]

1.d4 d5 2.c4 e6 3.Nc3 c6 4.Nf3 dxc4 5.g3 Nd7 6.Bg2 Ngf6 7.O-O Be7 8.e4 O-O
9.Qc2 b5 10.b3 b4 11.e5 cxb3 12.axb3 bxc3 13.exf6 Nxf6 14.Ne5 Bb7 15.Qxc3 
Nd5 16.Qc2 Nb4 17.Qc3 a5 18.Ba3 Rc8 19.Rfc1 Qd6 20.Nd3 Rfd8 21.Nc5 Ba8 22.
Bb2 Qc7 23.h4 Rb8 24.h5 h6 25.Be4 Rb5 26.Qf3 Bf6 27.Rd1 Nd5 28.Rac1 Bg5 
29.Rc4 Bb7 30.Bb1 Bc8 31.Qd3 f5 32.Qe2 Qf7 33.Re1 Re8 34.Ra4 Bd8 35.Bd3 
Rb4 36.Raa1 Kh8 37.Bc4 Kg8 38.Nd3 Rb8 39.Ne5 Qb7 40.Rec1 Bg5 41.f4 Bd8 42.
Kh2 Ra8 43.Nd3 Nf6 44.Rh1 Ng4+ 45.Kg1 Bb6 46.Nc5 Qe7 47.Ba3 Qf6 48.Rd1 Kh8
49.Kg2 Ra7 50.Rhe1 Qf7 51.Qf3 Qxh5 52.Rh1 Qg6 53.Rde1 Bxc5 54.Bxc5 Ra8 55.
Re2 a4 56.Ra2 Ba6 57.Bxa6 Rxa6 58.bxa4 Rb8 59.Bd6 Rba8 60.Qb3 Nf6 61.Rha1 
Ne4 62.Be5 Kh7 63.a5 Qf7 64.Qc4 Qd7 65.Rc1 Rxa5 66.Rxa5 Rxa5 67.Qxc6 Ra2+ 
68.Kg1 Qf7 69.Qc4 Rd2 70.Qc7 Qg6 0-1